Statistics for History: What Came First? #1

Click here to take the quiz!

General Stats

  • This quiz has been taken 63,985 times
  • The average score is 13 of 18

Answer Stats

QuestionAnswer% Correct
Dickens or ShakespeareShakespeare
93%
The Middle Ages or the RenaissanceMiddle Ages
92%
The Airplane or the Digital ComputerAirplane
90%
The U.S. Civil War or the English Civil WarEnglish Civil War
90%
Beer Bottles or Beer CansBottles
89%
Athens or RomeAthens
88%
Christopher Columbus or GunpowderGunpowder
81%
Henry VIII or Richard the LionheartRichard the Lionheart
81%
Art movements: Baroque or RomanticismBaroque
72%
The Bible or the QuranBible
71%
The Bronze Age or the Iron AgeBronze Age
71%
Baseball or GolfGolf
71%
Julius Caesar or Alexander the GreatAlexander the Great
70%
Louis Armstrong or Miles DavisLouis Armstrong
66%
Napoleon or DynamiteNapoleon
65%
Jurassic or TriassicTriassic
49%
Charlemagne or Genghis KhanCharlemagne
44%
Flowers or InsectsInsects
40%

Score Distribution

Percentile by Number Answered

Percent of People with Each Score

Your Score History

You have not taken this quiz